000 00191 a2200097 4500
001 2054
100 _aDonaldso
245 _aTool design.
260 _a
_bMc Graw Hill
_c
090 _c1516
_d1516
942 _aNUST-CAE
_cM
_c5736
999 _c237127
_d237127